000 00733cam a2200277 i 4500
001 768714001
003 CO-MdFUSB
005 20250527152828.0
007 ta
008 250527t1994 -mx||||| |||| 00| 0 spa d
040 _cCO-MdFUSB
041 0 _aspa
082 0 4 _223
_a248.4
_bP9449f
100 1 _aPérez de Camargo, Carmen
_eautor
245 1 0 _aFamilia crísis y esperanza
_c/ Carmen Pérez de Camargo
264 1 _bKyrios,
_aMéxico, DF. :
_c[1994]
264 4 _c©1994
300 _a173 páginas
336 _atexto
_btxt
_2rdacontent
337 _2rdamedia
_asin mediación
_bn
338 _2rdacarrier
_avolumen
_bnc
563 _aRústico
650 0 _aVida cristiana
_919
942 _cBK
945 _aMiguel Gómez
999 _c35927
_d35927